LEADER 01116nam0 22003131i 450 001 RML0308156 005 20231121125749.0 010 $a8806118382 100 $a20121121d1990 ||||0itac50 ba 101 | $aita 102 $ait 181 1$6z01$ai $bxxxe 182 1$6z01$an 200 1 $aTre dialoghi$fPaul Valèry$gTraduzione di Vittorio Sereni 210 $aTorino $cEinaudi $d©1990 215 $aXIII,137 p.$d18 cm 225 | $aSaggi brevi$c- Torino $eEinaudi $v13 410 0$1001RML0332303$12001 $aSaggi brevi$c- Torino $eEinaudi $v13 700 1$aValéry$b, Paul$3RMLV177438$0343147 702 1$aSereni$b, Vittorio$3RMLV159208 702 1$aConte$b, Giuseppe$3RMLV190559 801 3$aIT$bIT-01$c20121121 850 $aIT-FR0017 899 $aBiblioteca umanistica Giorgio Aprea$bFR0017 912 $aRML0308156 950 0$aBiblioteca umanistica Giorgio Aprea$d 52CIS 1/2538$e 52VM 0000783165 VM barcode:00073310. - Inventario:1787 FSSVM$fA $h20090604$i20121204 977 $a 52 996 $aDialogue de l'arbre$922549 997 $aUNICAS